000 01095nam a2200301 a 4500
001 60310
003 BD-RjUL
005 20211209080826.0
008 730712s1973 enk b 001 0 eng
020 _a06131824
035 _a(BD-RjUL)60434
040 _aDLC
_cDLC
_dBD-RjUL
_beng
041 _aeng
082 0 0 _a364
_223
_bTAN 1974
100 1 _aTaylor, Ian R.
_9179480
245 1 4 _aThe new criminology :
_bfor a social theory of deviance /
_cIan Taylor, Paul Walton and Jock Young ; with a foreword by Alvin W. Gouldner
260 _aLondon :
_bRoutledge and Kegan Paul,
_c1973.[First harper torchbook edition published 1974 ]
300 _axv, 325 p. ;
_c23 cm.
490 1 _aInternational library of sociology
504 _aIncludes index and Bibliography: p. 302-320.
650 0 _aCriminology.
_9176527
650 0 _aDeviant behavior.
_9179481
653 _aCrime
_aTheories, to 1973
_aSociological perspectives
700 1 _aWalton, Paul,
_eauthor.
_9179482
700 1 _aYoung, Jock,
_eauthor.
_9178531
830 0 _aInternational library of sociology.
_9181427
942 _2ddc
_cBK
999 _c60310
_d60310